书目信息 |
| 题名: |
创新者的机会思维
|
|
| 作者: | 亨德森 著 ;袁伟 译 | |
| 分册: | ||
| 出版信息: | 北京 中国人民大学出版社 2016 |
|
| 页数: | 188页 | |
| 开本: | 23cm | |
| 丛书名: | ||
| 单 册: | ||
| 中图分类: | F273.1 | |
| 科图分类: | ||
| 主题词: | 企业创新--qi ye chuang xin--研究 | |
| 电子资源: | ||
| ISBN: | 978-7-300-22413-8 | |
| 000 | 01308nam0 22002771 450 | |
| 001 | 0119165248 | |
| 005 | 20170619165248.0 | |
| 010 | @a978-7-300-22413-8@dCNY49.00 | |
| 100 | @a20160704d2016 em y0chiy50 ea | |
| 101 | 1 | @achi@ceng |
| 102 | @aCN@b110000 | |
| 105 | @ay z 000yy | |
| 106 | @ar | |
| 200 | 1 | @a创新者的机会思维@9chuang xin zhe de ji hui si wei@dYou can kill an idea, but you can't kill an opportunity: how to discover new sources of growth for your organization@e你可以杀死一个创意,但不可错失良机@f(美)帕姆·亨德森(Pam Henderson)著@g袁伟译@zeng |
| 210 | @a北京@c中国人民大学出版社@d2016 | |
| 215 | @a188页@d23cm | |
| 305 | @a由约翰·威立父子公司授权出版 | |
| 330 | @a本书内容包括:成长始于思维方式的改变、可持续成长源于可持续的机会、机会的三大因素、开启探索机会之旅、构建机会的生态圈等。 | |
| 510 | 1 | @aYou can kill an idea, but you can't kill an opportunity: how to discover new sources of growth for your organization@zeng |
| 517 | 1 | @a你可以杀死一个创意,但不可错失良机@9ni ke yi sha si yi ge chuang yi dan bu ke cuo shi liang ji |
| 606 | 0 | @a企业创新@9qi ye chuang xin@x研究 |
| 690 | @aF273.1@v5 | |
| 701 | 0 | @c(美)@a亨德森@9heng de sen@c(女,Henderson, Pam)@4著 |
| 702 | 0 | @a袁伟@9yuan wei@4译 |
| 801 | 0 | @aCN@b百万庄@c20170616 |
| 905 | @b1011045-50@dF273.1@e1405@f6 | |
| 创新者的机会思维=You can kill an idea, but you can't kill an opportunity: how to discover new sources of growth for your organization:你可以杀死一个创意,但不可错失良机/(美)帕姆·亨德森(Pam Henderson)著/袁伟译.-北京:中国人民大学出版社,2016 |
| 188页;23cm |
| ISBN 978-7-300-22413-8:CNY49.00 |
| 本书内容包括:成长始于思维方式的改变、可持续成长源于可持续的机会、机会的三大因素、开启探索机会之旅、构建机会的生态圈等。 |
| ● |
| 相关链接 |
|
|
|
|
正题名:创新者的机会思维
索取号:F273.1/1405
 
预约/预借
| 序号 | 登录号 | 条形码 | 馆藏地/架位号 | 状态 | 备注 |
| 1 | 1011045 | 210110459 | 第一样本阅览室/ [索取号:F273.1/1405] | 在馆 | |
| 2 | 1011046 | 210110468 | 教育系资料室/ [索取号:F273.1/1405] | 在馆 | |
| 3 | 1011047 | 210110477 | 教育系资料室/ [索取号:F273.1/1405] | 在馆 | |
| 4 | 1011048 | 210110486 | 教育系资料室/ [索取号:F273.1/1405] | 在馆 | |
| 5 | 1011049 | 210110495 | 第一借阅区/ [索取号:F273.1/1405] | 在馆 | |
| 6 | 1011050 | 210110501 | 第一借阅区/ [索取号:F273.1/1405] | 在馆 |